Loading...
| Fine Arts - Classical Music | 0 | 4 | 1 | 0 | 35 | 17 | 67.75 | 1 | 4 | 14.92 | 25.00 |
| Fine Arts - Other | 0 | 3 | 1 | 0 | 25 | 71 | 85.33 | 2 | 3 | 5.96 | 22.73 |
| Literature - American | 0 | 2 | 0 | 0 | 20 | 62 | 71.50 | 0 | 2 | 7.79 | 9.09 |
| History - World | 0 | 2 | 0 | 0 | 20 | 65 | 78.00 | 0 | 2 | 4.80 | 6.82 |
| History - American | 0 | 2 | 1 | 0 | 15 | 69 | 85.50 | 1 | 2 | 4.37 | 13.64 |
| Social Science | 0 | 1 | 0 | 0 | 10 | 79 | 79.00 | 0 | 1 | 3.52 | 9.38 |
| Fine Arts - Painting and Sculpture | 0 | 1 | 0 | 0 | 10 | 107 | 107.00 | 0 | 1 | 1.18 | 4.55 |
| Science - Other | 0 | 1 | 0 | 0 | 10 | 49 | 49.00 | 1 | 1 | 5.08 | 9.09 |
| Current Events | 0 | 1 | 0 | 0 | 10 | 77 | 77.00 | 1 | 1 | 5.74 | 20.00 |
| Literature - British | 0 | 1 | 0 | 0 | 10 | 79 | 79.00 | 0 | 1 | 2.85 | 6.82 |
| Philosophy | 0 | 1 | 0 | 0 | 10 | 105 | 105.00 | 0 | 1 | 0.00 | 2.78 |
| Popular Culture | 0 | 1 | 0 | 0 | 10 | 16 | 16.00 | 1 | 1 | 14.33 | 16.67 |
| Religion | 0 | 1 | 0 | 0 | 10 | 80 | 80.00 | 0 | 1 | 2.71 | 2.27 |
| History - European | 0 | 0 | 1 | 0 | -5 | 0.00 | 0 | 0 | 0.00 | 0.00 | |
| Mythology | 0 | 0 | 1 | 0 | -5 | 0.00 | 0 | 0 | 0.00 | 0.00 |